Normal view
MARC view
- BLOCH ، EDITED BY FRANK S
Entry Personal Name
001 - CONTROL NUMBER
- control field: 2671
003 - CONTROL NUMBER IDENTIFIER
- control field: JO-AjAnu
005 - DATE AND TIME OF LATEST TRANSACTION
- control field: 20230606070736.0
008 - FIXED-LENGTH DATA ELEMENTS
- fixed length control field: 230606|| aca||aabn | a|a d
040 ## - CATALOGING SOURCE
- Original cataloging agency: JO-AjAnu
- Transcribing agency: JO-AjAnu
100 ## - HEADING--PERSONAL NAME
- Personal name: BLOCH ، EDITED BY FRANK S
670 ## - SOURCE DATA FOUND
- Source citation: Work cat.: (JO-AjAnu)1395: BLOCH ، EDITED BY FRANK S, author, THE GLOBAL CLINICAL MOVEMENT